Punk / (Record no. 122926)

MARC details
000 -LEADER
campo de control de longitud fija 00623nam a2200205 4500
001 - NÚMERO DE CONTROL
campo de control 122926
003 - IDENTIFICADOR DE NÚMERO DE CONTROL
campo de control ES-MaACL
005 - FECHA Y HORA DE LA ÚLTIMA TRANSACCIÓN
campo de control 20230906192053.0
007 - CAMPO FIJO DE DESCRIPCIÓN FÍSICA--INFORMACIÓN GENERAL
campo de control de longitud fija t|
008 - DATOS DE LONGITUD FIJA--INFORMACIÓN GENERAL
campo de control de longitud fija 070214s1977 sp r ||||0| spa d
245 00 - MENCIÓN DEL TÍTULO
Título Punk /
Mención de responsabilidad, etc. fotografías de Salvador Costa ; introducción de Jordi Vargas.
260 ## - PUBLICACIÓN, DISTRIBUCIÓN, ETC.
Lugar de publicación, distribución, etc. Barcelona :
Nombre del editor, distribuidor, etc. Producciones Editoriales,
Fecha de publicación, distribución, etc. 1977.
300 ## - DESCRIPCIÓN FÍSICA
Extensión 96 p., 44 lám :
Otras características físicas il ;
Dimensiones 30 cm.
490 1# - MENCIÓN DE SERIE
Mención de serie Special star book
700 1# - ENTRADA AGREGADA--NOMBRE PERSONAL
Nombre de persona Costa, Salvador.
9 (RLIN) 41077
700 1# - ENTRADA AGREGADA--NOMBRE PERSONAL
Nombre de persona Vargas, Jordi.
9 (RLIN) 113195
830 0# - PUNTO DE ACCESO ADICIONAL DE SERIE-TÍTULO UNIFORME
Título uniforme Special star book
9 (RLIN) 218889
852 ## - LOCALIZACIÓN
Ubicación ES-MaACL
Número de control de estantería A-7990
Sublocalización o colección R.97191
Holdings
Estatus retirado Estado de pérdida Estado de daño No para préstamo Biblioteca de origen Biblioteca actual Ubicación en estantería Fecha de adquisición Fuente de adquisición Total de préstamos Signatura topográfica completa Código de barras Visto por última vez Precio de reemplazo Tipo de ítem Koha
        Biblioteca del Ateneo de Madrid Biblioteca del Ateneo de Madrid Sala Pecera Planta 1 17/01/2008     A-7990 1128094 23/02/2023 23/02/2023 Libro impreso